000 00526nam a22001577a 4500
003 OSt
005 20260618071110.0
008 260618b |||||||| |||| 00| 0 eng d
024 _aMSNE/9521/2014
040 _cRongo University
050 _aHV 2474
_b.A 95 2025
100 _aAwino Mary Gabriel
245 _aBehaviourral factors influencing social development of learners with hearing impairments in public primary schools in Rongo Sub-county, Kenya
260 _aRongo,Kenya.
_bRongo University
_c2025
942 _2lcc
_cTH
999 _c266360
_d266359